000 00313nam a2200121Ia 4500
008 190216s9999||||xx |||||||||||||| ||und||
100 _aRay Chaudhuri
245 0 _aSocial Cultural And Economic History Of India
260 _bPrentice Hall India
_c1985
300 _a545
650 _aIndian History
942 _cBK
999 _c19434
_d19434